<?xml version="1.0" encoding="UTF-8"?>
<marc:record xmlns:marc="http://www.loc.gov/MARC21/slim">
   <marc:leader>00000nam a2200000 a 4500</marc:leader>
   <marc:datafield ind1="0" ind2="0" tag="245">
      <marc:subfield code="a">Raumfahrt . Der Mond</marc:subfield>
   </marc:datafield>
   <marc:datafield ind1="0" ind2="0" tag="245">
      <marc:subfield code="b">Was ist was. Hörspiel</marc:subfield>
   </marc:datafield>
   <marc:datafield ind1="1" ind2=" " tag="490">
      <marc:subfield code="a">Tonies</marc:subfield>
   </marc:datafield>
   <marc:datafield ind1="1" ind2=" " tag="520">
      <marc:subfield code="a">Astronautentraining 1.0: &#xD;
&#xD;
Raumfahrt&#xD;
&#xD;
Einmal Mars hin und zurück, davon träumen viele Weltraumfahrer. Von Weltraumbahnhöfen wie Baikonur starten Raketen ins All. Wie bewegen sich Astronauten in der Schwerelosigkeit, wozu ist der Raumanzug gut und was gibt es im All zu essen?&#xD;
&#xD;
Der Mond&#xD;
&#xD;
12 Apollo-Astronauten haben bisher den Mond betreten. Forscher entdeckten seitdem, wie der Mond entstand, woher seine unzähligen Krater stammen und weshalb eine meterdicke Staubschicht seine Oberfläche bedeckt. Ohne den Mond sähe das Leben auf der Erde ganz anders aus.</marc:subfield>
   </marc:datafield>
   <marc:datafield ind1="3" ind2=" " tag="024">
      <marc:subfield code="a">4251192105240</marc:subfield>
   </marc:datafield>
   <marc:datafield ind1="1" ind2=" " tag="521">
      <marc:subfield code="a">ab 6 Jahren</marc:subfield>
   </marc:datafield>
   <marc:datafield ind1=" " ind2=" " tag="300">
      <marc:subfield code="a">ca 70 Min</marc:subfield>
   </marc:datafield>
</marc:record>
